Calculus for business, economics, and the social and life sciences (Record no. 5027)

MARC details
000 -LEADER
fixed length control field 00956nam a22001817a 4500
020 ## - INTERNATIONAL STANDARD BOOK NUMBER
ISBN 0070293449
020 ## - INTERNATIONAL STANDARD BOOK NUMBER
ISBN 9780070293441
050 ## - CALL NUMBER
Classification number QA303
Item number .H569
100 ## - AUTHOR
Personal name Hoffmann, Laurence D
245 ## - TITLE
Title Calculus for business, economics, and the social and life sciences
Statement of responsibility, etc Hoffmann, Laurence D; Bradley, Gerald L
260 ## - PUBLICATION INFORMATION
Place of publication New York
Name of publisher McGraw-Hill
Year of publication 1992
300 ## - DESCRIPTION
Number of Pages xiv, 778 p. : ill.
Other physical details (some col.) ;
Dimensions 25 cm
500 ## - NOTES
General note Includes index.
505 ## - FORMATTED CONTENTS NOTE
Table of Content Functions, graphs, and limits --<br/>Differentiation : basic concepts --<br/>Additional applications of the derivative --<br/>Exponential and logarithmic functions --<br/>Antidifferentiation --<br/>Further topics in integration --<br/>Differential equations --<br/>Limits as infinity and improper integrals --<br/>Functions of two variables --<br/>Double integrals --<br/>Infinite series and Taylor approximation --<br/>Trigonometric functions.
650 ## - SUBJECTS
Topical Term D; Bradley, Gerald L
710 ## - OTHER AUTHORS
OTHER AUTHORS D; Bradley, Gerald L
942 ## - ADDED ENTRY ELEMENTS (KOHA)
Koha item type Books
Holdings
Withdrawn status Lost status Home library Current library Shelving location Date acquired Full call number Accession Number Koha item type
    Methodist University Library Main Methodist University Library Main General Stacks   QA303 .H569 14306 Books
Copyright © 2026  MUG Library